Reading retail: a geographical perspective on retailing and consumption spaces (Record no. 79966)

MARC details
000 -LEADER
fixed length control field 01273nam a2200277 a 4500
008 - FIXED-LENGTH DATA ELEMENTS--GENERAL INFORMATION
fixed length control field 120416s2002 ||||||||||||||||| || u
020 ## - INTERNATIONAL STANDARD BOOK NUMBER
International Standard Book Number 0340706619
020 ## - INTERNATIONAL STANDARD BOOK NUMBER
International Standard Book Number 0340706600
050 ## - LIBRARY OF CONGRESS CALL NUMBER
Classification number HF 5429 Wri
100 ## - MAIN ENTRY--PERSONAL NAME
Personal name Wrigley, Neil
245 10 - TITLE STATEMENT
Title Reading retail: a geographical perspective on retailing and consumption spaces
260 ## - PUBLICATION, DISTRIBUTION, ETC.
Place of publication, distribution, etc. London:
Name of publisher, distributor, etc. Arnold
Date of publication, distribution, etc. 2002
300 ## - PHYSICAL DESCRIPTION
Extent xvi, 280p.: ill.
350 ## -
-- 0.00
500 ## - GENERAL NOTE
General note Includes bibliographical references (p. 248-269) and indexes.
650 #0 - SUBJECT ADDED ENTRY--TOPICAL TERM
Topical term or geographic name entry element CONSUMPTION--ECONOMICS
650 ## - SUBJECT ADDED ENTRY--TOPICAL TERM
Topical term or geographic name entry element RETAIL TRADE
650 ## - SUBJECT ADDED ENTRY--TOPICAL TERM
Topical term or geographic name entry element SHOPPING CENTERS--SOCIAL ASPECTS
650 ## - SUBJECT ADDED ENTRY--TOPICAL TERM
Topical term or geographic name entry element SHOPPING CENTERS
650 #0 - SUBJECT ADDED ENTRY--TOPICAL TERM
Topical term or geographic name entry element ECONOMIC GEOGRAPHY
700 ## - ADDED ENTRY--PERSONAL NAME
Personal name Lowe, Michelle, 1963-
856 ## - ELECTRONIC LOCATION AND ACCESS
Uniform Resource Identifier http://www.loc.gov/catdir/enhancements/fy0614/2002283792-d.html
995 ## -
-- MAIN LIBRARY OPEN ACCESS
-- 0.00
-- 736163
-- CBU-MAIN LIBRARY (Kitwe)
-- 1
-- 27.50
-- HF 5429 Wri
-- 1
-- AVAILABLE
-- 38854
-- Main Library Open Access Collection
995 ## -
-- MAIN LIBRARY OPEN ACCESS
-- 0.00
-- 736162
-- CBU-MAIN LIBRARY (Kitwe)
-- 3
-- 27.50
-- HF 5429 Wri
-- 3
-- AVAILABLE
-- 38856
-- Main Library Open Access Collection
995 ## -
-- ANNEX COLLECTION (Main Library)
-- 0.00
-- 736161
-- CBU-MAIN LIBRARY (Kitwe)
-- 2
-- 27.50
-- HF 5429 Wri
-- 2
-- AVAILABLE
-- 38853
-- Annex Low-Usage Collection
999 ## -
-- 79966
-- 79966
Holdings
Withdrawn status Lost status Source of classification or shelving scheme Damaged status Not for loan Permanent Location Current Location Shelving location Date acquired Total Checkouts Full call number Barcode Date last seen Copy number Price effective from Koha item type
          CBU-MAIN LIBRARY, KITWE. CBU-MAIN LIBRARY, KITWE.   06/29/2023   HF 5429 Wri 38854 06/29/2023 1 06/29/2023 MONOGRAPH
          CBU-MAIN LIBRARY, KITWE. CBU-MAIN LIBRARY, KITWE.   06/29/2023   HF 5429 Wri 38856 06/29/2023 2 06/29/2023 MONOGRAPH
          CBU-MAIN LIBRARY, KITWE. CBU-MAIN LIBRARY, KITWE.   06/29/2023   HF 5429 Wri 38853 06/29/2023 3 06/29/2023 MONOGRAPH